000
00313nam a2200133Ia 4500
008
240624s9999 xx 000 0 und d
041
_a
eng
082
_a
920 GAN
100
_a
GUHA RAMACHANDRA
245
_a
GANDHI BEFORE INDIA
260
_c
2013
_a
New Delhi
_b
Allen Lane
300
_a
688 : p.
365
_c
RS
_b
25
999
_c
22186
_d
22186